000 00317nam a2200121Ia 4500
008 190216s9999||||xx |||||||||||||| ||und||
100 _aKutty T R N & Tareen J A K
245 0 _aFundamentals Of Crystal Chemistry
260 _bUniversity Press
_c2001
300 _a86p
650 _aChemistry-Chemistry
942 _cBK
999 _c3049
_d3049